Shrimanmadhavacharyaru: jivanavratta. (Record no. 90159)
[ view plain ]
| 000 -LEADER | |
|---|---|
| fixed length control field | 00624nam a2200193Ia 4500 |
| 003 - CONTROL NUMBER IDENTIFIER | |
| control field | OSt |
| 005 - DATE AND TIME OF LATEST TRANSACTION | |
| control field | 20260424123914.0 |
| 008 - FIXED-LENGTH DATA ELEMENTS--GENERAL INFORMATION | |
| fixed length control field | 210210b1986 xxu||||| |||| 00| 0 eng d |
| 040 ## - CATALOGING SOURCE | |
| Transcribing agency | AL |
| 041 ## - LANGUAGE CODE | |
| Language code of text/sound track or separate title | Kannada |
| 082 ## - DEWEY DECIMAL CLASSIFICATION NUMBER | |
| Classification number | 294.5092K KUPS |
| 100 ## - MAIN ENTRY--PERSONAL NAME | |
| Personal name | KUPPANNACHARYA (P). |
| Dates associated with a name | ಕುಪ್ಪಣ್ಣಾಚಾರ್ಯ (ಪಿ) |
| 9 (RLIN) | 262595 |
| 245 ## - TITLE STATEMENT | |
| Title | Shrimanmadhavacharyaru: jivanavratta. |
| Remainder of title | ಶ್ರೀಮನ್ಮಧ್ವಾಚಾರ್ಯರು: ಜೀವನವೃತ್ತ |
| 260 ## - PUBLICATION, DISTRIBUTION, ETC. | |
| Place of publication, distribution, etc. | Kinnigoli |
| Name of publisher, distributor, etc. | Yugapurusha Prakatanalaya |
| Date of publication, distribution, etc. | 1986 |
| 300 ## - PHYSICAL DESCRIPTION | |
| Extent | 105 |
| 690 ## - LOCAL SUBJECT ADDED ENTRY--TOPICAL TERM (OCLC, RLIN) | |
| Topical term or geographic name as entry element | Hinduism |
| 9 (RLIN) | 262596 |
| 906 ## - LOCAL DATA ELEMENT F, LDF (RLIN) | |
| a | 040266 |
| 942 ## - ADDED ENTRY ELEMENTS (KOHA) | |
| Source of classification or shelving scheme | Dewey Decimal Classification |
| Koha item type | Book |
| Withdrawn status | Lost status | Source of classification or shelving scheme | Damaged status | Not for loan | Collection code | Home library | Current library | Shelving location | Date acquired | Cost, normal purchase price | Total Checkouts | Full call number | Barcode | Date last seen | Price effective from | Koha item type |
|---|---|---|---|---|---|---|---|---|---|---|---|---|---|---|---|---|
| Dewey Decimal Classification | Others | St Aloysius Library | St Aloysius Library | 02/17/2021 | 10.00 | 294.5092K KUPS | 040266 | 02/17/2021 | 02/17/2021 | Book |